| 000 | 01129nam a22002297a 4500 | ||
|---|---|---|---|
| 999 |
_c21243 _d21243 |
||
| 003 | AR-CdUCM | ||
| 008 | 190523b ||||| |||| 00| 0 spa d | ||
| 020 | _a978-612-47281-3-6 | ||
| 040 |
_aMUNICIPALIDAD PROVINCIAL DEL CUSCO _cBIBLIOTECA MUNICIPAL DEL CUSCO |
||
| 082 |
_a573.41 / U43 _bU43 |
||
| 110 |
_aUniversidad Andina del Cusco _9768 |
||
| 245 | _aLibro resumen seminario innovación para el desarrollo sostenible de la Región / | ||
| 260 |
_aCusco : _bUniversidad Andina del Cusco, _c2017. |
||
| 300 |
_a72 Páginas. : _bilustraciones en color ; _c21 cm. |
||
| 505 | _aContenido: Bases de la innovación como ser innovador y la generación de ideas -- Políticas públicas en Ciencia tecnología e innovación en el Perú -- Panorama y nuevas perspectivas de la innovación en la Región Cusco -- Gestión de la innovación -- Vinculación Ciencia empresa Estado estrategias sistemas de producción de la innovación ... | ||
| 650 |
_aCiencia y tecnología _98461 |
||
| 650 |
_aTecnología e innovación _944376 |
||
| 650 |
_aMarketing _912422 |
||
| 710 |
_aCONCYTEC _92809 |
||
| 942 |
_2ddc _cLIBROS |
||
| 945 | _aRoel | ||